ბათუმის შოთა რუსთაველის სახელმწიფო უნივერსიტეტის ბიბლიოთეკა

მენეჯერული ეკონომიკა (ბიბ.ჩანაწერი № 51563)

000 -LEADER
fixed length control field 01333nam a2200253Ia 4500
001 - CONTROL NUMBER
control field 18554
003 - CONTROL NUMBER IDENTIFIER
control field GE_BSU
008 - FIXED-LENGTH DATA ELEMENTS--GENERAL INFORMATION
fixed length control field 181216s||||||||xx |||||||||||||| ||und||
020 ## - INTERNATIONAL STANDARD BOOK NUMBER
International Standard Book Number 9789941949326
040 ## - CATALOGING SOURCE
Transcribing agency GE_BSU
080 ## - UNIVERSAL DECIMAL CLASSIFICATION NUMBER
Universal Decimal Classification number 338(076)+005.5
100 ## - MAIN ENTRY--PERSONAL NAME
Personal name ვანიშვილი,მერაბ, ბადრი ,გეჩბაია.
245 ## - TITLE STATEMENT
Title მენეჯერული ეკონომიკა
245 ## - TITLE STATEMENT
Remainder of title მეთოდური რეკომენდაციები:სემინარული და პრაქტიკული მეცადინეობის ჩასატარებლად ,,ბიზნესის ადმინისტრირების"სამაგისტრო საგანმანათლებლო პროგრამის სტუდენტებისათვის
250 ## - EDITION STATEMENT
Edition statement ეკონომიკური კვლევების ეროვნული ინსტიტუტი
260 ## - PUBLICATION, DISTRIBUTION, ETC.
Place of publication, distribution, etc. თბილისი,ბათუმი
260 ## - PUBLICATION, DISTRIBUTION, ETC.
Name of publisher, distributor, etc. კალმოსანი
260 ## - PUBLICATION, DISTRIBUTION, ETC.
Date of publication, distribution, etc. 2016
300 ## - PHYSICAL DESCRIPTION
Extent 125გვ;20სმ.
653 ## - INDEX TERM--UNCONTROLLED
Uncontrolled term ეკონომიკა
653 ## - INDEX TERM--UNCONTROLLED
Uncontrolled term მენეჯერული ეკონომიკა
653 ## - INDEX TERM--UNCONTROLLED
Uncontrolled term მენეჯმენტი
942 ## - ADDED ENTRY ELEMENTS (KOHA)
Koha item type წიგნი
ეგზემპლარები
Withdrawn status Lost status Damaged status Not for loan Date acquired Barcode Date last seen Price effective from Koha item type
        2018-12-17 47978 2018-12-17 2018-12-17 წიგნი
        2018-12-17 47980 2018-12-17 2018-12-17 წიგნი
        2018-12-17 47979 2018-12-17 2018-12-17 წიგნი